Top 5 Most Famous by First Name: G - Statistics

General Stats
  • This quiz has been taken 18 times
  • The average score is 5 of 50
Answer Stats
First Name Last Name Hint Lifespan % Correct
Gwen Stefani Singer / Songwriter 1969-
69%
Georgia O'Keeffe Artist 1887-1986
50%
Gracie Fields Actress / Singer / Comedian 1898-1979
44%
Gracie Allen Vaudevillian / Comedian 1895-1964
38%
Gabrielle Union Actress / Voice Artist / Activist / Author 1972-
38%
Gabriel García Márquez Novelist / Short-Story Writer / Screenwriter / Journalist 1927-2014
31%
Gabby Logan Presenter / Rhythmic Gymnast 1973-
31%
Gabriel Byrne Actor / Director / Producer / Screenwriter / Cultural Ambassador / Audiobook Narrator / Author 1950-
25%
Gregor Mendel Meteorologist / Mathematician / Biologist / Friar / Abbot 1822-1884
25%
Gabriella Cilmi Singer-Songwriter 1991-
19%
Gabby Douglas Gymnast 1995-
19%
Georgie Fame R&B & Jazz Musician 1943-
19%
Gabriel Jesus Footballer 1997-
19%
Gabriel Batistuta Footballer 1969-
13%
Gregor Fisher Comedian / Actor 1953-
13%
Gabby Giffords Congresswoman / Gun Control Advocate 1970-
13%
Gwen Ifill Journalist / TV Newscaster / Author 1955-2016
6%
Gregor MacGregor Soldier / Adventurer / Confidence Trickster 1786-1845
6%
Georgia May Jagger Fashion Model / Designer 1992-
6%
Gwen Moore Congresswoman 1951-
6%
Georgina Spelvin Actress / Pornographic Performer 1936-
6%
Gabrielle Anwar Actress 1970-
0%
Gabrielle Aplin Singer-Songwriter 1992-
0%
Gabriel Barbosa Footballer 1996-
0%
Gabby Barrett Singer / Songwriter 2000-
0%
Georgina Beyer New Zealand Member of Parliament 1957-
0%
Gabriella Campadelli-Fiume Virologist ????
0%
Georgina Chapman Fashion Designer / Actress 1976-
0%
Gabrielle Daleman Figure Skater 1998-
0%
Gracie Dzienny Actress 1995-
0%
Georgia Engel Actress 1948-2019
0%
Gabby Gabreski U.S. Air Force Pilot 1919-2002
0%
Gregor Gillespie Mixed Martial Artist / Collegiate Wrestler 1987-
0%
Georgie Glen Actress 1956-
0%
Gracie Gold Figure Skater 1995-
0%
Georgina Haig Actress 1985-
0%
Georgina Hale Actress 1943-
0%
Georgia Hardstack TV Host / Podcast Personality 1980-
0%
Georgie Henley Actress 1995-
0%
Gregor Kobel Footballer 1997-
0%
Gracie Otto Filmmaker 1987-
0%
Gabriella Papadakis Ice Dancer 1995-
0%
Georgie Poynton Footballer 1997-
0%
Georgie Stone Actress / Writer / Transgender Rights Advocate 2000-
0%
Gabrielle Suchon Philosopher 1632-1703
0%
Georgia Tennant Actress / TV Producer 1984-
0%
Gwen Verdon Actress / Dancer 1925-2000
0%
Gwen Welles Actress 1951-1993
0%
Gabriella Wilde Model / Actress 1989-
0%
Gabriella Wright Actress / Model 1982-
0%
No matching quizzes found
Score Distribution
Percent of People with Each Score
Percentile by Number Answered
Your Score History
You have not taken this quiz